000
00399nam a2200133Ia 4500
008
100328s9999 xx 000 0 und d
082
_b
38703
100
_a
ाुळे प्रकाश
245
_a
चित्रस्मृती
260
_b
अक्षर श्रदा
630
_a
चित्रस्मृती
730
_a
चित्रस्मृती
942
_c
BOOK
999
_c
527847
_d
527844